| Tag |
First Indicator |
Second Indicator |
Subfields |
| LEADER |
00000cam a22000004a 4500 |
| 001 |
in00002480901 |
| 005 |
20151110041739.0 |
| 008 |
080520s2008 enka b 001 0 eng |
| 010 |
|
|
|a 2008021574
|
| 015 |
|
|
|a GBA887837
|2 bnb
|
| 016 |
7 |
|
|a 014668178
|2 Uk
|
| 020 |
|
|
|a 9780230003309 (hbk)
|
| 020 |
|
|
|a 0230003303 (hbk)
|
| 035 |
|
|
|a (OCoLC)ocn156831786
|
| 035 |
|
|
|a (OCoLC)156831786
|
| 040 |
|
|
|a DLC
|c DLC
|d BTCTA
|d BAKER
|d YDXCP
|d UKM
|d OCLCG
|d BWK
|d BWKUK
|d BWX
|d CDX
|d UtOrBLW
|
| 043 |
|
|
|a n-mx---
|
| 049 |
|
|
|a TXAM
|
| 050 |
0 |
0 |
|a F1219.76.S64
|b D63 2008
|
| 082 |
0 |
0 |
|a 972/.01
|2 22
|
| 100 |
1 |
|
|a Dodds Pennock, Caroline,
|d 1978-
|
| 245 |
1 |
0 |
|a Bonds of blood :
|b gender, lifecycle and sacrifice in Aztec culture /
|c Caroline Dodds Pennock.
|
| 264 |
|
1 |
|a Basingstoke [England] ;
|a New York :
|b Palgrave Macmillan,
|c 2008.
|
| 300 |
|
|
|a xvi, 225 pages :
|b illustrations ;
|c 23 cm.
|
| 336 |
|
|
|a text
|b txt
|2 rdacontent
|
| 337 |
|
|
|a unmediated
|b n
|2 rdamedia
|
| 338 |
|
|
|a volume
|b nc
|2 rdacarrier
|
| 490 |
1 |
|
|a Early modern history : society and culture
|
| 504 |
|
|
|a Includes bibliographical references (pages 185-218) and index.
|
| 505 |
0 |
|
|a Living with death -- Birth and blood -- Growing up -- Tying the knot -- Marriage and partnership -- Outside the norm -- Aging and mortality.
|
| 650 |
|
0 |
|a Aztecs
|x Social life and customs.
|
| 650 |
|
0 |
|a Aztecs
|x Rites and ceremonies.
|
| 830 |
|
0 |
|a Early modern history (Palgrave (Firm))
|
| 938 |
|
|
|a Baker & Taylor
|b BKTY
|c 69.95
|d 69.95
|i 0230003303
|n 0007343677
|s active
|
| 938 |
|
|
|a YBP Library Services
|b YANK
|n 2751270
|
| 938 |
|
|
|a Baker and Taylor
|b BTCP
|n 2008021574
|
| 938 |
|
|
|a Blackwell Book Service UK
|b BBUK
|n L6803255
|c 50.00
|
| 938 |
|
|
|a Blackwell Book Service
|b BBUS
|n R2755551
|c $69.95
|
| 938 |
|
|
|a Coutts Information Services
|b COUT
|n 6425625
|
| 945 |
|
|
|a PromptCat
|b 602099
|
| 946 |
|
|
|a stk
|
| 947 |
|
|
|a A14837423927
|
| 994 |
|
|
|a 92
|b TXA
|
| 948 |
|
|
|a cataloged
|b h
|d 2009/1/21
|h c
|e asalazar
|f 2:53:01 pm
|
| 999 |
|
|
|a MARS
|
| 999 |
f |
f |
|s 4d2d0484-2a35-340e-8441-0aeca838b949
|i 8e90b2bc-d3ca-3ac0-8653-aeff803251af
|t 0
|
| 952 |
f |
f |
|p normal
|a Texas A&M University
|b College Station
|c Sterling C. Evans Library
|d Evans: Library Stacks
|t 0
|e F1219.76.S64 D63 2008
|h Library of Congress classification
|i unmediated -- volume
|m A14837423927
|
| 998 |
f |
f |
|a F1219.76.S64 D63 2008
|t 0
|l Evans: Library Stacks
|